01030 a2200145 4500003000500000005001700005040000900022082001400031100002700045245006600072260005500138300003100193505064100224650001900865Nust20221202110602.0 cNust a539.3,SMY a Smyth, Henry De Wolf, aAtomic energy for military purposes / c Henry DeWolf Smyth aPrinceton,b Princeton Univ. Press,c 1948 [c1945] avii, 308 p.billus. 20 cm. aIntroduction (Page-1), Statement Of The Problem (Page-31), Administrative History Upto December 1941 (Page-45), Progress Upto December 1941 (Page-55), Administrative History 1942-1945 (Page-75), The Metallurgical Project At Chicago In 1942 (Page-88), The Plutonium Production Problem As Of February 1943 (Page-108), The Plutonium Problem, January 1943 To June 1945 (Page-130), General Discussion Of The Separation Of Isotopes (Page-154), The Separation Of The Uranium Isotopes By Gaseous Diffusion (Page-172), Electromagnetic Separation Of Uranium Isotopes (Page-187), The Work On The Atomic Bomb (Page-206), General Summary (Page-223). aAtomic energy